Toutes les communes des Landes sur une carte - Statistiques

Statistiques générales
  • Ce quiz a été pris 1 383 fois
  • Le résultat moyen est 66 sur 327
Réponses sur la Carte
Les réponses sont colorées sur une échelle allant du rouge au vert en fonction du pourcentage des utilisateurs qui les ont devinées à leur premier essai. Vous pouvez retrouver ces pourcentages ci-dessous.
 
Statistiques - réponses
Initiale Réponse Population (2021) % Correct
D Dax 21 347
93%
M Mont-de-Marsan 30 674
93%
B Biscarrosse 14 551
77%
C Capbreton 9 185
77%
S Soorts-Hossegor 3 520
75%
M Mimizan 7 364
74%
Sᵗ Saint-Paul-en-Born 980
74%
Sᵗ Saint-Paul-lès-Dax 14 317
74%
Sᵗ Saint-Vincent-de-Paul 3 360
63%
Sᵗ Saint-Vincent-de-Tyrosse 7 956
63%
S Seignosse 3 900
60%
S Soustons 8 421
59%
T Tarnos 12 920
59%
A Aire-sur-l'Adour 6 220
57%
P Pey 788
57%
Sᵗ Saint-Pierre-du-Mont 9 871
56%
V Vieux-Boucau-les-Bains 1 660
56%
P Parentis-en-Born 7 195
55%
L Labenne 7 007
53%
H Hagetmau 4 620
52%
M Morcenx-la-Nouvelle 4 989
49%
Sᵗ Saint-Sever 4 983
49%
Sᵗ Saint-Martin-de-Hinx 1 717
48%
Sᵗ Saint-Martin-de-Seignanx 6 076
48%
Sᵗ Saint-Martin-d'Oney 1 366
48%
T Tartas 3 191
47%
P Peyre 234
46%
(Le) S Le Sen 227
43%
M Moliets-et-Maa 1 264
43%
P Peyrehorade 3 673
43%
L Lit-et-Mixe 1 690
40%
Sᵗ Saint-Geours-d'Auribat 413
40%
Sᵗ Saint-Geours-de-Maremme 2 868
40%
L Labouheyre 2 839
39%
O Ondres 5 855
39%
R Roquefort 1 957
39%
Y Ychoux 2 339
39%
L Léon 2 057
38%
P Pontonx-sur-l'Adour 2 932
38%
C Castets 2 505
37%
V Villeneuve-de-Marsan 2 465
37%
R Rion-des-Landes 3 084
36%
Sᵗ Saint-Jean-de-Lier 409
36%
Sᵗ Saint-Jean-de-Marsacq 1 779
36%
Sᵗ Saint-Julien-d'Armagnac 111
36%
Sᵗ Saint-Julien-en-Born 1 689
36%
B Bas-Mauco 388
35%
B Bénesse-lès-Dax 566
35%
B Bénesse-Maremme 3 735
35%
S Sanguinet 4 582
35%
V Vielle-Saint-Girons 1 441
34%
V Vielle-Soubiran 221
34%
V Vielle-Tursan 280
34%
A Amou 1 560
33%
M Messanges 991
33%
S Sabres 1 165
33%
G Grenade-sur-l'Adour 2 430
32%
M Mugron 1 318
32%
N Narrosse 3 295
31%
P Pouillon 3 128
31%
M Magescq 2 493
30%
M Montfort-en-Chalosse 1 207
30%
P Pissos 1 468
29%
H Haut-Mauco 983
28%
T Tosse 3 348
28%
C Castel-Sarrazin 574
27%
G Gaas 471
27%
H Hinx 1 891
27%
P Pomarez 1 579
27%
Ste Sainte-Eulalie-en-Born 1 398
27%
S Saugnac-et-Cambran 1 566
27%
A Angresse 2 207
26%
G Geaune 756
26%
Ste Sainte-Marie-de-Gosse 1 214
26%
C Campagne 989
25%
H Habas 1 463
25%
Sᵗ Saint-André-de-Seignanx 1 881
25%
L Labastide-Chalosse 164
24%
L Labastide-d'Armagnac 688
24%
M Mées 1 904
24%
Y Yzosse 380
24%
A Azur 942
23%
Sᵗ Saint-Cricq-Chalosse 651
23%
Sᵗ Saint-Cricq-du-Gave 438
23%
Sᵗ Saint-Cricq-Villeneuve 468
23%
S Saubusse 1 097
23%
B Bretagne-de-Marsan 1 635
22%
D Doazit 854
22%
L Labatut 1 409
22%
L Linxe 1 541
22%
O Oeyreluy 1 508
22%
O Orx 645
22%
S Samadet 1 131
22%
S Souprosse 1 128
22%
C Castelnau-Chalosse 596
21%
C Castelnau-Tursan 185
21%
E Eugénie-les-Bains 473
21%
L Labrit 856
21%
L Luxey 655
21%
R Rivière-Saas-et-Gourby 1 374
21%
Sᵗ Saint-Justin 1 009
21%
S Saubrigues 1 571
21%
Y Ygos-Saint-Saturnin 1 344
21%
A Arengosse 709
20%
H Heugas 1 375
20%
P Pontenx-les-Forges 1 698
20%
P Port-de-Lanne 1 217
20%
Sᵗ Saint-Étienne-d'Orthe 719
20%
Sᵗ Saint-Lon-les-Mines 1 238
20%
Sᵗ Saint-Perdon 1 725
20%
T Tilh 842
20%
B Benquet 1 906
19%
C Candresse 850
19%
C Cauna 430
19%
G Gabarret 1 279
19%
G Gamarde-les-Bains 1 518
19%
L Lesperon 1 027
19%
M Meilhan 1 176
19%
Sᵗ Saint-Aubin 500
19%
B Bégaar 1 215
18%
B Bias 765
18%
C Cazères-sur-l'Adour 1 127
18%
J Josse 958
18%
L Liposthey 579
18%
O Orthevielle 1 040
18%
Sᵗ Saint-Avit 698
18%
Ste Sainte-Colombe 622
18%
Sᵗ Saint-Laurent-de-Gosse 717
18%
Sᵗ Saint-Michel-Escalus 316
18%
S Solférino 348
18%
S Sort-en-Chalosse 891
18%
T Tercis-les-Bains 1 307
18%
B Brocas 745
17%
C Cagnotte 770
17%
C Cassen 589
17%
C Cauneille 797
17%
C Caupenne 391
17%
E Escource 774
17%
H Herm 1 175
17%
H Horsarrieu 695
17%
(Le) L Le Leuy 228
17%
O Onesse-Laharie 1 045
17%
O Ousse-Suzan 286
17%
P Poyartin 773
17%
S Sore 1 162
17%
T Toulouzette 316
17%
A Aureilhan 1 062
16%
A Aurice 629
16%
C Clermont 749
16%
D Donzacq 458
16%
G Garein 430
16%
M Mézos 841
16%
M Mimbaste 982
16%
M Momuy 478
16%
M Montgaillard 601
16%
O Orist 764
16%
P Poyanne 695
16%
S Saubion 1 791
16%
S Saugnac-et-Muret 1 214
16%
A Angoumé 268
15%
B Biaudos 988
15%
B Brassempouy 267
15%
C Coudures 543
15%
E Estibeaux 699
15%
E Eyres-Moncube 350
15%
G Gastes 897
15%
H Hastingues 601
15%
M Maylis 308
15%
M Misson 832
15%
M Montsoué 563
15%
N Nassiet 322
15%
Sᵗ Saint-Yaguen 630
15%
T Téthieu 768
15%
U Uchacq-et-Parentis 606
15%
A Aubagnan 267
14%
A Audignon 390
14%
B Biarrotte 345
14%
B Bonnegarde 259
14%
B Bougue 860
14%
L Laluque 1 070
14%
L Lüe 597
14%
M Mazerolles 656
14%
M Montaut 613
14%
M Mouscardès 269
14%
O Oeyregave 310
14%
P Préchacq-les-Bains 789
14%
Sᵗ Saint-Pandelon 709
14%
S Sarbazan 1 154
14%
V Villenave 310
14%
B Bélus 610
13%
C Campet-et-Lamolère 531
13%
C Commensacq 429
13%
F Fargues 316
13%
G Gaujacq 434
13%
G Goos 530
13%
G Gousse 282
13%
(Le) V Le Vignau 493
13%
M Mant 269
13%
M Monségur 391
13%
M Moustey 712
13%
Sᵗ Saint-Barthélemy 430
13%
Sᵗ Saint-Loubouer 442
13%
S Seyresse 1 016
13%
S Sorde-l'Abbaye 628
13%
T Taller 668
13%
T Trensacq 270
13%
U Uza 196
13%
V Vert 242
13%
A Arboucave 208
12%
B Bastennes 250
12%
B Bats 321
12%
C Carcen-Ponson 634
12%
G Gourbera 359
12%
G Gouts 273
12%
H Hontanx 613
12%
L Louer 326
12%
O Onard 370
12%
O Ossages 495
12%
Sᵗ Saint-Maurice-sur-Adour 621
12%
S Serres-Gaston 398
12%
S Siest 138
12%
A Arsague 335
11%
A Arx 44
11%
A Audon 399
11%
B Baigts 339
11%
B Bascons 856
11%
B Beylongue 387
11%
B Bordères-et-Lamensas 384
11%
C Carcarès-Sainte-Croix 547
11%
H Hauriet 276
11%
L Lamothe 302
11%
L Larrivière-Saint-Savin 589
11%
L Laurède 368
11%
(Le) F Le Frêche 410
11%
L Lesgor 428
11%
L Losse 278
11%
O Ozourt 196
11%
P Pimbo 201
11%
P Pouydesseaux 889
11%
Ste Sainte-Foy 252
11%
A Artassenx 260
10%
A Arthez-d'Armagnac 95
10%
C Castaignos-Souslens 419
10%
D Duhort-Bachen 664
10%
G Geloux 699
10%
L Larbey 242
10%
M Mano 124
10%
M Maurrin 446
10%
R Retjons 341
10%
Sᵗ Saint-Gein 428
10%
S Sarraziet 248
10%
A Arue 358
9%
B Bahus-Soubiran 392
9%
B Banos 262
9%
C Cère 412
9%
G Gaillères 640
9%
L Lacquy 287
9%
L Lacrabe 285
9%
L Laglorieuse 579
9%
L Lencouacq 375
9%
L Lévignacq 328
9%
L Lucbardez-et-Bargues 570
9%
L Luglon 377
9%
P Poudenx 220
9%
P Pujo-le-Plan 614
9%
R Renung 500
9%
U Urgons 240
9%
V Vicq-d'Auribat 253
9%
B Bostens 207
8%
B Bourriot-Bergonce 313
8%
C Callen 137
8%
C Canenx-et-Réaut 169
8%
C Castandet 413
8%
C Cazalis 136
8%
C Créon-d'Armagnac 344
8%
D Dumes 236
8%
G Garrey 216
8%
G Gibret 99
8%
L Lahosse 289
8%
L Latrille 167
8%
M Miramont-Sensacq 350
8%
N Nerbis 266
8%
N Nousse 246
8%
P Parleboscq 471
8%
P Perquie 341
8%
Sᵗ Saint-Gor 314
8%
B Bassercles 154
7%
B Belhade 215
7%
B Bélis 161
7%
B Buanes 244
7%
C Cachen 228
7%
E Estigarde 100
7%
L Lacajunte 152
7%
L Lourquen 182
7%
M Maillères 231
7%
M Marpaps 138
7%
A Argelos 164
6%
A Argelouse 101
6%
B Baudignan 52
6%
B Bergouey 109
6%
B Betbezer-d'Armagnac 143
6%
B Bourdalat 207
6%
C Castelner 119
6%
C Classun 248
6%
E Escalans 250
6%
M Maillas 126
6%
M Monget 79
6%
M Montégut 77
6%
M Morganx 171
6%
P Philondenx 193
6%
S Serreslous-et-Arribans 189
6%
B Beyries 125
5%
H Herré 140
5%
L Lagrange 194
5%
L Lauret 80
5%
L Lubbon 82
5%
L Lussagnet 75
5%
M Mauvezin-d'Armagnac 92
5%
P Payros-Cazautets 106
5%
P Pécorade 136
5%
R Rimbez-et-Baudiets 104
5%
Sᵗ Saint-Agnet 184
5%
C Clèdes 123
4%
M Mauries 85
4%
P Puyol-Cazalet 102
4%
S Sarron 106
4%
S Sorbets 188
4%
Aucun quiz correspondant
Distribution des résultats
% des personnes avec chaque résultat
Percentile par nombre de réponses
Votre historique - résultats
Vous n’avez pas pris ce quiz